<?xml version="1.0" encoding="UTF-8"?>
<record
    xmlns:xsi="http://www.w3.org/2001/XMLSchema-instance"
    xsi:schemaLocation="http://www.loc.gov/MARC21/slim http://www.loc.gov/standards/marcxml/schema/MARC21slim.xsd"
    xmlns="http://www.loc.gov/MARC21/slim">

  <leader>04227cam a22005174i 4500</leader>
  <controlfield tag="003">PE-LiUPU</controlfield>
  <controlfield tag="005">20250731172901.0</controlfield>
  <controlfield tag="008">170109s2016    xxu    0rb    001 0 eng d</controlfield>
  <datafield tag="020" ind1=" " ind2=" ">
    <subfield code="a">0567666174</subfield>
  </datafield>
  <datafield tag="020" ind1=" " ind2=" ">
    <subfield code="a">9780567666178</subfield>
  </datafield>
  <datafield tag="035" ind1=" " ind2=" ">
    <subfield code="a">(Sirsi) a165913</subfield>
  </datafield>
  <datafield tag="040" ind1=" " ind2=" ">
    <subfield code="a">PE-LiUPU</subfield>
    <subfield code="b">spa</subfield>
    <subfield code="c">PE-LiUPU</subfield>
    <subfield code="e">rda</subfield>
  </datafield>
  <datafield tag="049" ind1=" " ind2=" ">
    <subfield code="a">PRUA</subfield>
  </datafield>
  <datafield tag="082" ind1="0" ind2="4">
    <subfield code="a">229.913</subfield>
    <subfield code="b">N4</subfield>
    <subfield code="2">23</subfield>
  </datafield>
  <datafield tag="245" ind1="0" ind2="0">
    <subfield code="a">New vistas on early Judaism and Christianity :</subfield>
    <subfield code="b">from Enoch to Montreal and back /</subfield>
    <subfield code="c">edited by Lorenzo DiTommaso and Gerbern S. Oegema.</subfield>
  </datafield>
  <datafield tag="264" ind1=" " ind2="1">
    <subfield code="a">London ;</subfield>
    <subfield code="a">New York :</subfield>
    <subfield code="b">Bloomsbury T&amp;T Clark, an imprint of Bloomsbury Publishing PIc,</subfield>
    <subfield code="c">2016.</subfield>
  </datafield>
  <datafield tag="300" ind1=" " ind2=" ">
    <subfield code="a">xxxiii, 409 pages ;</subfield>
    <subfield code="c">24 centimetros.</subfield>
  </datafield>
  <datafield tag="336" ind1=" " ind2=" ">
    <subfield code="a">text</subfield>
    <subfield code="2">rdacontent</subfield>
  </datafield>
  <datafield tag="337" ind1=" " ind2=" ">
    <subfield code="a">unmediated</subfield>
    <subfield code="2">rdamedia</subfield>
  </datafield>
  <datafield tag="338" ind1=" " ind2=" ">
    <subfield code="a">volume</subfield>
    <subfield code="2">rdacarrier</subfield>
  </datafield>
  <datafield tag="490" ind1="1" ind2=" ">
    <subfield code="a">Jewish and Christian texts in contexts and related studies ;</subfield>
    <subfield code="v">22</subfield>
  </datafield>
  <datafield tag="504" ind1=" " ind2=" ">
    <subfield code="a">Bibliograf&#xED;a :p&#xE1;ginas final de cada cap&#xED;tulo.</subfield>
  </datafield>
  <datafield tag="504" ind1=" " ind2=" ">
    <subfield code="a">&#xCD;ndices: p&#xE1;ginas 384-409.</subfield>
  </datafield>
  <datafield tag="505" ind1="0" ind2=" ">
    <subfield code="a">The Old Testament Pseudepigrapha - thirty years later /</subfield>
    <subfield code="r">James Hamilton Charlesworth --</subfield>
    <subfield code="t">1 Enoch 1: a comparison of two translations /</subfield>
    <subfield code="r">Loren T. Stuckenbruck --</subfield>
    <subfield code="t">Iron Age heroes and Enochic giants /</subfield>
    <subfield code="r">Kyle Roark --</subfield>
    <subfield code="t">4QEnc (4Q204) column I: a new reconstruction /</subfield>
    <subfield code="r">Bronson Brown-de Vost --</subfield>
    <subfield code="t">Bulls, cows, and the tragic fate of the females at the Eschaton: a gender reading of the Animal Apocalypse in 1 Enoch 85-90 /</subfield>
    <subfield code="r">Zhenya Gurina-Rodriguez --</subfield>
    <subfield code="t">Confined by mountains of metal: the translation problem in 1 Enoch 67:4 /</subfield>
    <subfield code="r">Raul Vitor Rodrigues Peixoto --</subfield>
    <subfield code="t">Compositional technique in the temple scroll: creative interpretation and integrative interpretation in the Passover legislation /</subfield>
    <subfield code="r">James Nati --</subfield>
    <subfield code="t">Hellish rhetoric: the pedagogical function of the underworld in 4Q184 /</subfield>
    <subfield code="r">Ross P. Ponder --</subfield>
    <subfield code="t">The transmission of Jubilees: reevaluating the textual basis /</subfield>
    <subfield code="r">Matthew Phillip Monger --</subfield>
    <subfield code="t">Mending the fractures of Genesis: strategies of harmonization in the book of Jubilees /</subfield>
    <subfield code="r">Brett E. Maiden --</subfield>
    <subfield code="t">Ptolemaic sovereignty and the political unconscious of 3 Maccabees: Philopator's decree (2:28-30) in light of late Ptolemaic asylia inscriptions /</subfield>
    <subfield code="r">G. Anthony Keddie --</subfield>
    <subfield code="t">Belial in the Dead Sea scrolls: from worthless to stumbling block to archenemy /</subfield>
    <subfield code="r">Francis Daoust --</subfield>
    <subfield code="t">Flatterers, whisperers, and other hypocrites: new denominations for sinners in the writings of the Second Temple period /</subfield>
    <subfield code="r">Patrick Pouchelle --</subfield>
    <subfield code="t">Ezra's continuity in 4 Ezra /</subfield>
    <subfield code="r">Jason Ford --</subfield>
    <subfield code="t">Interpretations of Abraham's circumcision in early Christianity and Genesis Rabah /</subfield>
    <subfield code="r">Malka Z. Simkovich --</subfield>
    <subfield code="t">Redemption from the ashes: repositioning atonement and sacrifice in early Christian and rabbinic thought /</subfield>
    <subfield code="r">Andrew W. Higginbotham --</subfield>
    <subfield code="t">Inside the parables: inside and outside in the Apocryphon of James and in the first in-parables speech of Mark /</subfield>
    <subfield code="r">Antoine Paris --</subfield>
    <subfield code="t">The evolution of the figure of Nimrod through the lens of rabbinic literature /</subfield>
    <subfield code="r">Apolline Thromas --</subfield>
    <subfield code="t">Jewish apocalyptic and mystical background in the Gospel of Judas /</subfield>
    <subfield code="r">Serge Cazelais --</subfield>
    <subfield code="t">Satan at the sacrifices of Isaac and Jesus /</subfield>
    <subfield code="r">Gavin McDowell --</subfield>
    <subfield code="t">What are scholars saying about Gnosticism? /</subfield>
    <subfield code="r">Andr&#xE9; Gagn&#xE9;.</subfield>
  </datafield>
  <datafield tag="526" ind1=" " ind2=" ">
    <subfield code="a">SEG42</subfield>
  </datafield>
  <datafield tag="526" ind1=" " ind2=" ">
    <subfield code="a">SEG41</subfield>
  </datafield>
  <datafield tag="526" ind1=" " ind2=" ">
    <subfield code="a">SEG40</subfield>
  </datafield>
  <datafield tag="526" ind1=" " ind2=" ">
    <subfield code="a">SEG39</subfield>
  </datafield>
  <datafield tag="526" ind1=" " ind2=" ">
    <subfield code="a">P94</subfield>
  </datafield>
  <datafield tag="526" ind1=" " ind2=" ">
    <subfield code="a">P87</subfield>
  </datafield>
  <datafield tag="526" ind1=" " ind2=" ">
    <subfield code="a">P86</subfield>
  </datafield>
  <datafield tag="526" ind1=" " ind2=" ">
    <subfield code="a">P85</subfield>
  </datafield>
  <datafield tag="526" ind1=" " ind2=" ">
    <subfield code="a">P77</subfield>
  </datafield>
  <datafield tag="526" ind1=" " ind2=" ">
    <subfield code="a">P76</subfield>
  </datafield>
  <datafield tag="526" ind1=" " ind2=" ">
    <subfield code="a">P35</subfield>
  </datafield>
  <datafield tag="650" ind1="0" ind2="7">
    <subfield code="a">Historia de la iglesia</subfield>
    <subfield code="x">Iglesia primitiva y primitiva.</subfield>
    <subfield code="2">fast</subfield>
    <subfield code="0">(OCoLC)fst01710945</subfield>
  </datafield>
  <datafield tag="650" ind1="0" ind2="7">
    <subfield code="a">El cristianismo primitivo.</subfield>
    <subfield code="0">(DE-588)4129954-1</subfield>
    <subfield code="2">gnd</subfield>
  </datafield>
  <datafield tag="650" ind1="0" ind2="7">
    <subfield code="a">Helen&#xED;stico-jud&#xED;a literatura.</subfield>
    <subfield code="0">(DE-588)4159526-9</subfield>
    <subfield code="2">gnd</subfield>
  </datafield>
  <datafield tag="650" ind1="0" ind2="7">
    <subfield code="a">Juda&#xED;smo</subfield>
    <subfield code="p">eriodo xPost-exilio(Juda&#xED;smo)</subfield>
    <subfield code="2">fast</subfield>
    <subfield code="0">(OCoLC)fst01907049</subfield>
    <subfield code="9">1492</subfield>
  </datafield>
  <datafield tag="910" ind1=" " ind2=" ">
    <subfield code="a">jck</subfield>
    <subfield code="b">jvq</subfield>
    <subfield code="c">jck</subfield>
    <subfield code="d">20170109</subfield>
  </datafield>
  <datafield tag="942" ind1=" " ind2=" ">
    <subfield code="2">ddc</subfield>
    <subfield code="c">BOOK</subfield>
  </datafield>
  <datafield tag="949" ind1=" " ind2=" ">
    <subfield code="a">229.913 N4</subfield>
    <subfield code="w">DEWEY</subfield>
    <subfield code="c">1</subfield>
    <subfield code="i">75508</subfield>
    <subfield code="l">CATALOGING</subfield>
    <subfield code="m">BUL</subfield>
    <subfield code="p">00.00</subfield>
    <subfield code="r">0</subfield>
    <subfield code="s">Y</subfield>
    <subfield code="t">BOOK</subfield>
    <subfield code="u">2017-01-09</subfield>
    <subfield code="x">TEOLOGIA</subfield>
    <subfield code="z">POSGRADO TEOLOG&#xCD;A</subfield>
    <subfield code="0">COMPRA</subfield>
    <subfield code="o">.CIRCNOTE. El documento es de alto precio.</subfield>
    <subfield code="o">.STAFF. Colecci&#xF3;n Teolog&#xED;a</subfield>
  </datafield>
  <datafield tag="596" ind1=" " ind2=" ">
    <subfield code="a">1</subfield>
  </datafield>
  <datafield tag="999" ind1=" " ind2=" ">
    <subfield code="a">229.913 N4</subfield>
    <subfield code="w">LC</subfield>
    <subfield code="c">14649</subfield>
    <subfield code="i">75508</subfield>
    <subfield code="d">14649</subfield>
    <subfield code="e">2017-5-14</subfield>
    <subfield code="f">2021-11-9</subfield>
    <subfield code="g">5</subfield>
    <subfield code="l">CCODEBUL1</subfield>
    <subfield code="m">BUL</subfield>
    <subfield code="n">1</subfield>
    <subfield code="p">128.00</subfield>
    <subfield code="q">1</subfield>
    <subfield code="r">0</subfield>
    <subfield code="s">Y</subfield>
    <subfield code="t">BOOK</subfield>
    <subfield code="u">2017-1-9</subfield>
    <subfield code="x">TEOLOGIA</subfield>
    <subfield code="P">P85</subfield>
    <subfield code="0">COMPRA</subfield>
    <subfield code="o">.STAFF.  Colecci&#xF3;n Teolog&#xED;a</subfield>
  </datafield>
  <datafield tag="980" ind1=" " ind2=" ">
    <subfield code="8">1</subfield>
    <subfield code="g">ALBERTO SANCHEZ Responsable de Automatizaci&#xF3;n</subfield>
  </datafield>
  <datafield tag="952" ind1=" " ind2=" ">
    <subfield code="r">2025-12-03 00:00:00</subfield>
    <subfield code="i">6</subfield>
    <subfield code="l">1</subfield>
    <subfield code="o">229.913 N4</subfield>
    <subfield code="p">75508</subfield>
    <subfield code="s">2017-05-14</subfield>
    <subfield code="t">e1</subfield>
    <subfield code="v">133.00</subfield>
    <subfield code="w">2017-01-09</subfield>
    <subfield code="x">PG</subfield>
    <subfield code="y">BK</subfield>
    <subfield code="z">inventario-2023-12-13</subfield>
    <subfield code="1">0</subfield>
    <subfield code="2">ddc</subfield>
    <subfield code="5">0</subfield>
    <subfield code="7">0</subfield>
    <subfield code="8">GEN</subfield>
    <subfield code="f">P85</subfield>
    <subfield code="a">BUL</subfield>
    <subfield code="b">BUL</subfield>
    <subfield code="c">GEN</subfield>
    <subfield code="d">2017-01-09</subfield>
    <subfield code="e">COMPRA</subfield>
    <subfield code="g">128.00</subfield>
  </datafield>
</record>
